Quizzes
Events
Quiz Creation
Community
Videos
Private Events
Remove Ads
Sign In
Join for FREE
Feedback
Dark Mode
Quiz Categories
Sports
Geography
Music
Movies
Television
Just For Fun
Miscellaneous
History
Literature
Language
Science
Gaming
Entertainment
Religion
Holiday
For Kids
Quiz Lab
Recent
Popular Today
Quiz Kudos Today
Editor Picks
Curator Picks
Quizzes by...
Day
Popularity
Type
Ratings
Length
Year
Community
Subscriptions
Recent Discussions
Orange Saloon
Badges
Playlists
Quests
Create
Leaderboards
Showdown
Live 5
Trivia Bingo
Activity
Puzzle Library
Sporcle Events
Private Events
Virtual Trivia
Globe League
Become a Host
Pub Owners
SporcleCon
Opinionation
Our Games
Videos
Blog
Mobile Apps
Partnerships
Remove Ads and Go Orange
Feedback
History
US Presidents
World Leaders
Politics
Nation
Discovery
War
Decade
Year
Century
Biography
Art
History
US Presidents
World Leaders
Politics
Nation
Discovery
War
Decade
Year
Century
Biography
Art
Random Quiz
Search Sporcle
×
Quiz Lab
Quiz Lab
History
War
Type in answers that appear in a list
Type in answers that appear in a list
Classic
Best Score? Go Orange.
Middle Eastern Wars Stats
Can you name the major Middle Eastern wars since 1945?
By
TheHestinator
5m
25 Questions
176 Plays
176 Plays
176 Plays
Comments
Comments
Give Quiz Kudos
Give Quiz Kudos
-
- Ratings
hide this ad
More Info
Replay
Link that replays current quiz
Next Quiz
Link to next quiz in quiz playlist
You Got
0%
They Got
Avg Score
39%
Avg Friend Score
Upgrade to see
Score Distribution
Jump to the score distribution portion of the page
Score
0/25
Timer
05:00
0
Plays Today
Date(s)
War
% Correct
2003-
2011
Second Persian Gulf War
83.5%
1967
Six-Day War
81.8%
1990-
1991
First Persian Gulf War
81.3%
1973
Yom Kippur War
70.5%
1980-
1988
Iran-Iraq War
70.5%
2011-
ongoing
Syrian Civil War
60.8%
1956
Suez War
58.5%
1975-
1990
Lebanese Civil War
46%
1958
Lebanese Civil War
43.8%
1994
Yemeni Civil War
42.9%
1948-
1949
Israeli War of Independence
36.4%
2011
Libyan Civil War
34.7%
1954-
1962
Algerian War of Independence
27.3%
Date(s)
War
% Correct
1978-
1979
Iranian Revolution
26.7%
1987-
1993
First Intifada
22.9%
2000-
2005
Second Intifada
22.9%
1967-
1970
War of Attrition
22.2%
2006-
2011
Palestinian Civil War
21.8%
1947-
1948
Palestinian Civil War
21.2%
2006
July War
21%
1962-
1976
Dhofar Rebellion
19.3%
1970-
1971
Black September
19.3%
1962-
1970
North Yemen Civil War
15.9%
1963-
1967
South Yemen War of Independence/Aden Emergency
15.3%
1991-
2002
Algerian Civil War
13.6%
Quiz Playlist
Details
Report
Send in Message
Add To Playlist
More Info:
Note: This quiz includes North Africa in its definition of the Middle East.
Classic:
Type in answers that appear in a list
Last Updated: Feb 16, 2017
Quiz Scoreboard
CHALLENGE
Sign Up to Join the Scoreboard
Show All
Scores
Hide
Comments
May contain spoilers
Recently Published
9x9 Crossword: Cartoon Network
by jackfrog10
Miscellaneous
3m
College Basketball Coaching Resumes
by pancakes188
Sports
9m
Billboard Blitz: Fleetwood Mac
by CooCooCachoo
Music
15s
More to Explore
Quiz From the Vault
Featured Blog Post
Where Did the Easter Bunny Come From?
hide this ad
You Might Also Like...
Tags
War Quiz
conflict
Middle East
Middle Eastern
Military
Today's Top Quizzes in History
Browse History
hide this ad
Today's Top Quizzes in War
Browse War
Top Contributed Quizzes in History
1
Popular People in 1991
2
Popular People in 1981
3
Popular People in 1951
4
Popular People in 1941
5
Popular People in 1986
6
Popular People in 1976
7
Popular People in 1921
8
5-to-1: 20th Century Images of War
9
I Am Born On March 28th
10
Popular People in 1946
Explore More
Trending Topics
Harry Potter
Marvel
Crossword
NBA
Kpop
Anime
Disney
Country
Puzzle
Song
Soccer
WWE
The Office
Pokémon
NFL
hide this ad
More By:
TheHestinator
Quiz
Plays
Rating
Category
Featured
Created
Classic Rock Bands/Artists: Part I
896
4.09
Music
Mar 25, 2012
Classic Rock Bands/Artists: Part II
497
4.33
Music
Sep 12, 2012
Classic Rock Bands/Artists: Part III
406
4.13
Music
Jun 9, 2013
Classic Rock Bands/Artists: Part IV
351
4.14
Music
Jan 7, 2014
Classic Rock Bands/Artists: Part V
242
3.60
Music
Oct 22, 2014
Go to Creator's Profile
Score Distribution
Quiz Creator Spotlight
TheHestinator
Follow
Send a Message
Quizzes Created
-
Created Quiz Play Count
-
More By This Creator
Popular Quizzes Today
1
Find the US States - No Outlines Minefield
2
Find the Countries of Europe - No Outlines Minefield
3
The Countries of the World
4
Find the US States
5
Risky Map Clicking: Biggest States A-Z
6
US States
7
Popular People in 1961
8
Movies - When Are They Set?
More History Quizzes
Presidential Birthplaces Sorting Gallery
Published
Trending Quizzes
Risky Map Clicking: Least Populous States A-Z
1-10 Letter G Words
1-10 Letter F Words
Risky Map Clicking: Next State Alphabetically
Adjectives in 80s TV Shows
Recently Updated
Leaping Animals
pecheneg
Reality TV Shows (A-Z)
bhenderson79
Rickey Henderson's Hall of Fame Teammates
pecheneg
Champions League XIs: Arsenal
pecheneg
Quick Pick: Celebrities in WWE's Hall of Fame
aduchscher
A-Z Keypad Blitz II
pecheneg
Multiple Oscar Actors
pecheneg
Mystery Phrase Blitz: Oscar 'Best Actors'
pecheneg
F. Scott Fitzgerald Novels
LTH
Pick 3 Villains
ddd62291
Trending Topics
NBA
Crossword
Harry Potter
Marvel
Anime
Kpop
Disney
The Office
NFL
Song
WWE
Puzzle
Pokémon
Soccer
Country
Your Account Isn't Verified!
In order to create a playlist on Sporcle, you need to verify the email address you used during registration. Go to your
Sporcle Settings
to finish the process.
Report this User
Report this user for behavior that violates our
Community Guidelines
.
Details:
Send Report
Go to the Sporcle.com Mobile Site →
Comments